| 000 -LEADER |
| fixed length control field |
00473nam a2200157 4500 |
| 008 - FIXED-LENGTH DATA ELEMENTS--GENERAL INFORMATION |
| fixed length control field |
201124b ||||| |||| 00| 0 eng d |
| 020 ## - INTERNATIONAL STANDARD BOOK NUMBER |
| International Standard Book Number |
0408007583 |
| 082 00 - DEWEY DECIMAL CLASSIFICATION NUMBER |
| Classification number |
681.2 |
| Item number |
J762 |
| 245 10 - TITLE STATEMENT |
| Title |
Jone's instrument technology:electrical and radiation measurements- v.3 / |
| 250 ## - EDITION STATEMENT |
| Edition statement |
4th ed. |
| 260 ## - PUBLICATION, DISTRIBUTION, ETC. (IMPRINT) |
| Place of publication, distribution, etc |
[s. n.] |
| Name of publisher, distributor, etc |
ELBS, |
| Date of publication, distribution, etc |
1987. |
| 300 ## - PHYSICAL DESCRIPTION |
| Extent |
x, 206 p. |
| 650 #0 - SUBJECT ADDED ENTRY--TOPICAL TERM |
| Topical term or geographic name as entry element |
Measuring Instruments |
| 700 ## - ADDED ENTRY--PERSONAL NAME |
| 9 (RLIN) |
4058 |
| Personal name |
Noltingk, B. E |
| Relator term |
editor |
| 942 ## - ADDED ENTRY ELEMENTS (KOHA) |
| Source of classification or shelving scheme |
|
| Item type |
Books |